000
00304nam a2200109Ia 4500
008
171211s9999 xx 000 0 und d
245
4
_a
The Origins of Proslavery Christianity
245
_c
Charles F. Irons
260
_c
2008
650
_x
RELIGION
856
_u
http://down.ebook777.com/064/0807831948.pdf
999
_c
350549
_d
350549